[Event "44th Rilton Cup 2014-15"]
[Site "Stockholm SWE"]
[Date "2014.12.29"]
[Round "3.25"]
[White "Bellon Lopez, Juan Manuel"]
[Black "Adler, Bo"]
[Result "1-0"]
[WhiteTitle "GM"]
[WhiteElo "2381"]
[BlackElo "2210"]
[WhiteFideId "2200031"]
[BlackFideId "1702149"]
[EventDate "2014.12.27"]

1. d4 d5 2. Bg5 c5 3. dxc5 f6 4. Bh4 e5 5. e4 Bxc5 6. Qxd5 Qxd5 7. exd5 Ne7 8.
Bb5+ Kf7 9. Nc3 a6 10. Ba4 Nf5 11. Bg3 h5 12. h4 Rd8 13. Bb3 Bb4 14. O-O-O Bxc3
15. bxc3 Kf8 16. Ne2 Nd7 17. f4 e4 18. Bf2 e3 19. Ng3 exf2 20. Nxf5 Nc5 21. Ng3
Bg4 22. Rd2 Re8 23. Kb2 Re3 24. Nf1 Re1 25. Rxf2 Ne4 26. Nd2 Rxh1 27. Nxe4 Ke7
28. f5 b6 29. d6+ Kd7 30. Be6+ Kc6 31. c4 Rd1 32. Nc3 Rxd6 33. Bd5+ Rxd5 34.
cxd5+ Kd6 35. Rf4 Re8 36. Rc4 Bxf5 37. Rc6+ Ke5 38. Rxb6 g5 39. g3 Kd4 40. Rxf6
Rb8+ 41. Kc1 Bh7 42. Rc6 gxh4 43. gxh4 Rg8 44. d6 Bf5 45. Ne2+ Ke3 46. Rc5 Be4
47. Ng3 Bf3 48. Nf5+ Kf4 49. Nd4 Bg4 50. Ra5 Ke4 51. Nb3 Be2 52. d7 Rg1+ 53. Kb2
Rd1 54. Nc5+ Kf3 55. Nd3 1-0

[Event "44th Rilton Cup 2014-15"]
[Site "Stockholm SWE"]
[Date "2014.12.29"]
[Round "3.26"]
[White "Ertan, Can"]
[Black "Lokander, Martin"]
[Result "0-1"]
[WhiteTitle "FM"]
[BlackTitle "FM"]
[WhiteElo "2224"]
[BlackElo "2365"]
[WhiteFideId "6306330"]
[BlackFideId "1709569"]
[EventDate "2014.12.27"]

1. e4 e6 2. d4 d5 3. Nc3 Nf6 4. Bg5 dxe4 5. Nxe4 Be7 6. Bxf6 gxf6 7. Bc4 a6 8.
a4 b6 9. Nf3 Bb7 10. Qe2 Nd7 11. Rd1 c6 12. O-O O-O 13. Rfe1 Kh8 14. Qe3 Rg8 15.
h4 Qf8 16. Ng3 Re8 17. Nh5 Bd6 18. Bd3 Rd8 19. Nd2 Rg4 20. Qf3 Rxh4 21. g3 Rxd4
22. Nxf6 Qg7 23. Nh5 Qf8 24. Nc4 Be7 25. c3 Rd5 26. Be4 Rc5 27. Rxd7 Rxd7 28.
Nxb6 Rd2 29. Nf6 Rxb2 30. Nbd7 Qg7 31. Ne8 Rxc3 32. Qh5 Rxg3+ 33. Kh1 Rg5 34.
Nxg7 Rxh5+ 35. Nxh5 Rb4 36. Ndf6 Bxf6 37. Nxf6 Kg7 38. Ne8+ Kf8 39. Nd6 Ba8 40.
a5 Rd4 41. Nc8 Rxe4 42. Rxe4 c5 43. f3 Bxe4 44. fxe4 c4 45. Nb6 c3 46. Nd7+ Ke7
47. Nc5 Kd6 48. Nd3 f5 49. e5+ Kd5 50. Kg2 Kd4 51. Nb4 Kc4 52. Nc2 Kd3 53. Nb4+
Kd2 54. Nxa6 c2 55. Nc5 Kc3 56. Na4+ Kb3 0-1

[Event "44th Rilton Cup 2014-15"]
[Site "Stockholm SWE"]
[Date "2014.12.29"]
[Round "3.27"]
[White "Sagit, Rauan"]
[Black "Ask, Josef"]
[Result "1-0"]
[WhiteTitle "FM"]
[WhiteElo "2357"]
[BlackElo "2181"]
[WhiteFideId "1708376"]
[BlackFideId "1704583"]
[EventDate "2014.12.27"]

1. e4 e6 2. d4 d5 3. Nc3 Bb4 4. e5 b6 5. Bd2 Qd7 6. Nh3 Bb7 7. Nf4 Nc6 8. Nd3
Bf8 9. Be3 Nge7 10. g4 h5 11. gxh5 Nf5 12. Qg4 O-O-O 13. O-O-O Na5 14. Nf4 Bb4
15. Nfe2 Nc4 16. Bg5 Rdg8 17. a3 Bf8 18. Ng3 g6 19. h4 Qc6 20. hxg6 fxg6 21.
Nge2 b5 22. Rh3 a5 23. Na2 b4 24. axb4 axb4 25. Kb1 Qb6 26. Nec1 c5 27. dxc5
Qxc5 28. Nb3 Qc7 29. Bf6 Rh7 30. Nd4 Nxe5 31. Qe2 Nxd4 32. Rxd4 Bd6 33. f4 Nd7
34. Qxe6 Rf8 35. Bg5 Bc5 36. Rd1 Qd6 37. Qg4 Kb8 38. Bg2 Nb6 39. Rhd3 Ba6 40.
R3d2 Be3 41. f5 Bxd2 42. Bxd2 Rxf5 43. Bxb4 Qc6 44. Be1 Bb7 45. Nb4 Qf6 46. Bc3
Qd8 47. Be4 Rf2 48. Nd3 Qf8 49. Bxg6 Rhf7 50. Nxf2 Rxf2 51. Bd4 Qb4 52. Be5+ 1-0

[Event "44th Rilton Cup 2014-15"]
[Site "Stockholm SWE"]
[Date "2014.12.29"]
[Round "3.28"]
[White "Luukkonen, Tommi"]
[Black "Haug, Johannes"]
[Result "1/2-1/2"]
[WhiteTitle "FM"]
[WhiteElo "2334"]
[BlackElo "2121"]
[WhiteFideId "501808"]
[BlackFideId "1509268"]
[EventDate "2014.12.27"]

1. d4 Nf6 2. c4 e6 3. Nc3 Bb4 4. Qc2 O-O 5. a3 Bxc3+ 6. Qxc3 d5 7. Nf3 dxc4 8.
Qxc4 b6 9. Bg5 Ba6 10. Qa4 h6 11. Bh4 c5 12. dxc5 bxc5 13. Rc1 Qb6 14. Bxf6 gxf6
15. Qg4+ Kh8 16. Qf4 Kg7 17. h4 Nd7 18. Rh3 Qxb2 19. e4 Qxa3 20. Qd2 Qa4 21.
Bxa6 Qxe4+ 22. Kf1 Ne5 23. Nxe5 Qxe5 24. Re1 Qd4 25. Rd3 Qa4 26. Rg3+ Kh7 27.
Bd3+ f5 28. Qe2 Qxh4 29. Rh3 Qg5 30. Rh5 Qg6 31. g4 Rae8 32. Qf3 Kg7 33. Qf4 Rh8
34. Re3 e5 35. Qh2 Qd6 36. Rxf5 f6 37. Qh5 Qd4 38. Rxf6 Kxf6 39. Qf5+ Ke7 40.
Rxe5+ Kd6 41. Qf6+ Kc7 42. Qf7+ Kd6 43. Qf6+ Kc7 44. Qf7+ Kd6 45. Qf6+ 1/2-1/2

[Event "44th Rilton Cup 2014-15"]
[Site "Stockholm SWE"]
[Date "2014.12.29"]
[Round "3.29"]
[White "Lindgren, Philip"]
[Black "Liedbeck, Patrik"]
[Result "1-0"]
[WhiteTitle "FM"]
[WhiteElo "2332"]
[BlackElo "2016"]
[WhiteFideId "1713230"]
[BlackFideId "1718975"]
[EventDate "2014.12.27"]

1. d4 Nf6 2. Bg5 Ne4 3. Bf4 c5 4. f3 Qa5+ 5. c3 Nf6 6. d5 e6 7. e4 exd5 8. exd5
d6 9. Qd2 a6 10. c4 Qxd2+ 11. Kxd2 b5 12. b3 g6 13. Nc3 b4 14. Na4 Nbd7 15. Bd3
Kd8 16. Nh3 h6 17. g4 Rb8 18. Nf2 Rb7 19. a3 Kc7 20. Bc2 Bg7 21. axb4 Rxb4 22.
Nd3 Rb8 23. Naxc5 Nxc5 24. Nxc5 Rb6 25. Ra5 g5 26. Bg3 h5 27. Na4 Rb4 28. Rc5+
Kd7 29. Bf5+ 1-0

[Event "44th Rilton Cup 2014-15"]
[Site "Stockholm SWE"]
[Date "2014.12.29"]
[Round "3.30"]
[White "Rydstrom, Tom"]
[Black "Habu, Yoshiharu"]
[Result "1/2-1/2"]
[BlackTitle "FM"]
[WhiteElo "2243"]
[BlackElo "2415"]
[WhiteFideId "1714830"]
[BlackFideId "7000537"]
[EventDate "2014.12.27"]

1. e4 e6 2. d4 d5 3. Nc3 Bb4 4. e5 c5 5. a3 Bxc3+ 6. bxc3 Ne7 7. Qg4 Qc7 8. Qxg7
Rg8 9. Qxh7 cxd4 10. Ne2 Nbc6 11. f4 dxc3 12. h4 Bd7 13. h5 O-O-O 14. Qd3 Nf5
15. Qxc3 d4 16. Qc4 Nce7 17. Qxc7+ Kxc7 18. h6 Rg6 19. h7 Rh8 20. Bb2 Nc6 21.
O-O-O Ne3 22. Rd3 Nxf1 23. Rxf1 Rxg2 24. Nxd4 Nxd4 25. Bxd4 Rxh7 26. Bxa7 Rhh2
27. Rc3+ Bc6 28. Bg1 Rh8 29. Rd1 Re2 30. Be3 Reh2 31. Kb2 Rh1 32. Rd6 Ra8 33. f5
exf5 34. Rf6 Kd7 35. Bc5 Re8 36. Rxf5 Bd5 37. Bd6 Rc8 38. Rxc8 Kxc8 39. Rf2 Kd7
40. Bb4 Ke6 41. Bc3 Kd7 42. Rd2 Ke6 43. Rf2 Kd7 44. Rd2 Ke6 45. Rf2 1/2-1/2

[Event "44th Rilton Cup 2014-15"]
[Site "Stockholm SWE"]
[Date "2014.12.29"]
[Round "3.31"]
[White "Eriksson, Jorgen"]
[Black "Wallace, John Paul"]
[Result "0-1"]
[BlackTitle "IM"]
[WhiteElo "2211"]
[BlackElo "2404"]
[WhiteFideId "1701967"]
[BlackFideId "3200957"]
[EventDate "2014.12.27"]

1. d4 d5 2. Nf3 e6 3. c4 Nf6 4. Nc3 Bb4 5. e3 O-O 6. a3 Bxc3+ 7. bxc3 c5 8. cxd5
exd5 9. Bd3 c4 10. Bb1 Bg4 11. h3 Bh5 12. g4 Bg6 13. Bxg6 fxg6 14. Nd2 Ne4 15.
Nxe4 dxe4 16. Qe2 Qd5 17. f4 exf3 18. e4 Re8 19. exd5 Rxe2+ 20. Kd1 Nd7 21. Rf1
Rf8 22. Rxf3 Rxf3 23. Kxe2 Rxc3 24. Bg5 Rd3 25. Rb1 b6 26. Rc1 Rxd4 27. Be3 Re4
28. Kf3 Re8 29. Bd4 b5 30. a4 a6 31. axb5 axb5 32. Rb1 Rb8 33. Ke4 Kf7 34. Bc3
Nf6+ 35. Kd4 Ke7 36. Bb4+ Kd7 37. Ra1 Rc8 38. Re1 c3 39. Bc5 Re8 40. Rxe8 Kxe8
41. Bb4 c2 42. Bd2 Kd7 43. Bf4 Ne8 44. Kd3 Nc7 45. Kd4 b4 46. Kc4 b3 47. Bc1 g5
48. Kxb3 Kd6 49. Bxg5 Kxd5 50. Kxc2 Ke4 51. Bc1 Ne6 52. Kd2 Nf4 53. Bb2 g6 54.
h4 Kf3 55. g5 Kg4 56. Ke3 Ng2+ 57. Ke4 Nxh4 58. Ke5 Kxg5 59. Bc1+ Kh5 60. Kf6 h6
61. Bd2 g5 62. Kg7 Nf5+ 63. Kf6 Ng3 64. Bc1 Ne2 65. Bd2 g4 66. Kg7 g3 67. Bxh6
Nd4 68. Kh7 Kg4 69. Be3 Ne2 70. Kh6 Nf4 71. Ba7 Nh3 72. Kg6 g2 73. Bb6 Kf3 0-1

[Event "44th Rilton Cup 2014-15"]
[Site "Stockholm SWE"]
[Date "2014.12.29"]
[Round "3.32"]
[White "Thompson, Ian D"]
[Black "Dragicevic, Drazen"]
[Result "1-0"]
[WhiteTitle "FM"]
[BlackTitle "FM"]
[WhiteElo "2195"]
[BlackElo "2289"]
[WhiteFideId "405205"]
[BlackFideId "1707922"]
[EventDate "2014.12.27"]

1. c4 Nf6 2. g3 c5 3. Bg2 d5 4. cxd5 Nxd5 5. Nc3 Nc7 6. Nf3 Nc6 7. O-O e5 8. Ne1
Bd7 9. Nd3 f6 10. b3 Be7 11. f4 exf4 12. Nxf4 O-O 13. Bb2 Rb8 14. e3 Be8 15. Qe2
Bf7 16. Rad1 Re8 17. d3 a5 18. Kh1 Bd6 19. Ne4 Ne6 20. Nxe6 Rxe6 21. Rc1 Qe7 22.
Bh3 Rxe4 23. dxe4 Qxe4+ 24. Bg2 Qe7 25. Rcd1 Be5 26. Bxe5 Nxe5 27. Qd2 a4 28.
bxa4 Nc4 29. Qd7 Qxd7 30. Rxd7 Nxe3 31. Re1 Nxg2 32. Kxg2 Bxa2 33. Ree7 g5 34.
Kf2 Ra8 35. Rxb7 Kf8 36. Rxh7 Bg8 37. Rhc7 c4 38. a5 Bd5 39. a6 Ke8 40. a7 Bxb7
41. Rxb7 c3 42. Rb8+ Kd7 43. Rxa8 c2 44. Rc8 1-0

[Event "44th Rilton Cup 2014-15"]
[Site "Stockholm SWE"]
[Date "2014.12.29"]
[Round "3.33"]
[White "Nielsen, Rogvi Egilstoft"]
[Black "Hammar, Bengt"]
[Result "1-0"]
[BlackTitle "FM"]
[WhiteElo "2284"]
[BlackElo "2211"]
[WhiteFideId "7200447"]
[BlackFideId "1700391"]
[EventDate "2014.12.27"]

1. e4 c5 2. c3 Nf6 3. e5 Nd5 4. Bc4 e6 5. d4 cxd4 6. Bxd5 exd5 7. Qxd4 Nc6 8.
Qxd5 d6 9. exd6 Bxd6 10. Bg5 f6 11. Be3 Qe7 12. Ne2 Be6 13. Qh5+ g6 14. Qh4 g5
15. Qa4 f5 16. Nd2 f4 17. Bd4 O-O 18. O-O Bg4 19. Qc4+ Be6 20. Qa4 Bg4 21. f3
Qxe2 22. Ne4 Bc7 23. Rf2 b5 24. Rxe2 bxa4 25. fxg4 Nxd4 26. cxd4 Bb6 27. Rd1
Rad8 28. Red2 h6 29. Kf1 Kf7 30. Ke2 Rfe8 31. Kf3 Rd5 32. Rd3 h5 33. Nc3 hxg4+
34. Kxg4 Ra5 35. d5 Kg6 36. d6 Rh8 37. h3 a3 38. b4 Re5 39. Nd5 Re2 40. R1d2
Rxd2 41. Rxd2 Bd8 42. Ne7+ Bxe7 43. dxe7 Kf6 44. Rd7 a6 45. Ra7 Rb8 46. e8=Q
Rxe8 47. Rxa6+ Ke5 48. Rxa3 Kd4 49. b5 Re3 50. Rb3 1-0

[Event "44th Rilton Cup 2014-15"]
[Site "Stockholm SWE"]
[Date "2014.12.29"]
[Round "3.34"]
[White "Rahul Kumar, Pune"]
[Black "Henriksson, Johan"]
[Result "1/2-1/2"]
[BlackTitle "FM"]
[WhiteElo "2169"]
[BlackElo "2267"]
[WhiteFideId "5010969"]
[BlackFideId "1703560"]
[EventDate "2014.12.27"]

1. e4 c6 2. d4 d5 3. e5 Bf5 4. Nf3 e6 5. Be2 c5 6. dxc5 Bxc5 7. O-O Nc6 8. Nbd2
Nge7 9. Nb3 Bb6 10. Bg5 Qc7 11. Re1 O-O 12. Rc1 Ng6 13. c4 dxc4 14. Rxc4 h6 15.
Bd2 Ngxe5 16. Bf4 Nxf3+ 17. Bxf3 Qd8 18. Qc1 Qf6 19. Nc5 Bxc5 20. Rxc5 Rac8 21.
b4 a6 22. Be3 e5 23. Qb2 Qg6 24. Bxc6 Rxc6 25. Rxc6 bxc6 26. Qxe5 Be4 27. Qg3
Qxg3 28. hxg3 Bd5 29. Bc5 Ra8 30. a3 a5 31. bxa5 Rxa5 32. Rc1 Ra8 1/2-1/2

[Event "44th Rilton Cup 2014-15"]
[Site "Stockholm SWE"]
[Date "2014.12.29"]
[Round "3.35"]
[White "Bergstrom, Rolf"]
[Black "Jonsson, Emil"]
[Result "1/2-1/2"]
[WhiteTitle "FM"]
[WhiteElo "2262"]
[BlackElo "2132"]
[WhiteFideId "1702386"]
[BlackFideId "1712268"]
[EventDate "2014.12.27"]

1. e4 e6 2. d4 d5 3. e5 c5 4. c3 Nc6 5. Nf3 Qb6 6. Bd3 Bd7 7. dxc5 Bxc5 8. O-O
Qc7 9. Re1 Nge7 10. Bf4 f5 11. h4 b5 12. Nbd2 b4 13. Nb3 Bb6 14. Rc1 a5 15. h5
bxc3 16. bxc3 a4 17. Nbd2 Qa7 18. Qe2 O-O 19. Bg5 h6 20. Bf4 Rac8 21. Nh4 Be8
22. Rf1 d4 23. Bc4 Qd7 24. Rfd1 Nd5 25. Bxd5 Qxd5 26. Nc4 Bxh5 1/2-1/2

[Event "44th Rilton Cup 2014-15"]
[Site "Stockholm SWE"]
[Date "2014.12.29"]
[Round "3.36"]
[White "Tomov, Georgi"]
[Black "Bit-Narva, David"]
[Result "1-0"]
[WhiteTitle "FM"]
[WhiteElo "2257"]
[BlackElo "1996"]
[WhiteFideId "2908964"]
[BlackFideId "24128856"]
[EventDate "2014.12.27"]

1. d4 Nf6 2. c4 g6 3. Nc3 Bg7 4. e4 d6 5. h3 O-O 6. Nf3 e5 7. d5 a5 8. Be3 Nbd7
9. Be2 Nc5 10. Nd2 Ne8 11. g4 f5 12. g5 Na6 13. Nf3 fxe4 14. Nxe4 Bf5 15. Nfd2
b6 16. Bf3 Rc8 17. a3 Nc5 18. Qe2 Qd7 19. b4 Nxe4 20. Nxe4 Bxh3 21. Kd2 Bf5 22.
Rh4 c6 23. dxc6 Rxc6 24. Rah1 Qc8 25. b5 Rc7 26. Bxb6 Rcf7 27. Be3 Be6 28. Bg4
Bxg4 29. Rxg4 Rd7 30. Nc3 Nc7 31. b6 Ne6 32. Nd5 Nf4 33. Bxf4 exf4 34. Qe6+ Kh8
35. Rxh7+ 1-0

[Event "44th Rilton Cup 2014-15"]
[Site "Stockholm SWE"]
[Date "2014.12.29"]
[Round "3.37"]
[White "Larsson, Anders"]
[Black "Svorono, Gabriel"]
[Result "1-0"]
[WhiteElo "2304"]
[BlackElo "1884"]
[WhiteFideId "1712128"]
[BlackFideId "1715623"]
[EventDate "2014.12.27"]

1. e4 c5 2. Nf3 Nc6 3. Bb5 g6 4. O-O Bg7 5. Re1 e5 6. Bxc6 dxc6 7. d3 Ne7 8. Be3
b6 9. a4 O-O 10. a5 Bg4 11. h3 Bxf3 12. Qxf3 f5 13. Bg5 Rc8 14. axb6 axb6 15.
Nd2 f4 16. Qg4 Rf7 17. Qe6 1-0

[Event "44th Rilton Cup 2014-15"]
[Site "Stockholm SWE"]
[Date "2014.12.29"]
[Round "3.38"]
[White "Naslund, Mikael"]
[Black "Johansson, Gunnar"]
[Result "1/2-1/2"]
[WhiteTitle "FM"]
[WhiteElo "2150"]
[BlackElo "2231"]
[WhiteFideId "1708260"]
[BlackFideId "1703501"]
[EventDate "2014.12.27"]

1. d4 d5 2. c4 c6 3. Nf3 Nf6 4. Nc3 e6 5. e3 Nbd7 6. Bd3 dxc4 7. Bxc4 b5 8. Be2
Bb7 9. O-O Be7 10. e4 b4 11. e5 bxc3 12. exf6 Bxf6 13. bxc3 c5 14. Bf4 O-O 15.
Rb1 Be4 16. Bd3 Bxd3 17. Qxd3 Nb6 18. Rfd1 cxd4 19. cxd4 Qd5 20. Qb3 Rfc8 21.
Be5 Qxb3 22. axb3 Bxe5 23. dxe5 Rc3 24. Ra1 h6 25. Nd4 g5 26. h3 Rd8 27. Rxa7
Rxb3 28. Raa1 Rc3 29. Nf3 Rxd1+ 30. Rxd1 Kg7 31. Rd4 Kg6 32. h4 Rc4 33. Rxc4
Nxc4 34. hxg5 hxg5 35. g4 1/2-1/2

[Event "44th Rilton Cup 2014-15"]
[Site "Stockholm SWE"]
[Date "2014.12.29"]
[Round "3.39"]
[White "Merkesvik, Sondre"]
[Black "Vistisen, Lars"]
[Result "1/2-1/2"]
[WhiteElo "2218"]
[BlackElo "2129"]
[WhiteFideId "1514350"]
[BlackFideId "1404598"]
[EventDate "2014.12.27"]

1. Nf3 Nf6 2. d4 d6 3. g3 Nbd7 4. Bg2 e5 5. c4 c6 6. Nc3 Be7 7. e4 Qc7 8. O-O
Nf8 9. b3 Ng6 10. Qd3 Bg4 11. Nd1 h5 12. h4 Bxf3 13. Bxf3 exd4 14. Qxd4 Ng4 15.
Bb2 Bf6 16. Qd2 Qe7 17. Bg2 Bxb2 18. Nxb2 Qe5 19. Rad1 Rd8 20. Nd3 Qe7 21. Rfe1
O-O 22. Nf4 Qe5 23. Nd3 Qf6 24. Qg5 N6e5 25. Nxe5 Qxe5 26. Bh3 Qxg5 27. hxg5 Ne5
28. Kg2 c5 29. f4 Nc6 30. Kf2 Rfe8 31. Bg2 Nd4 32. Rh1 g6 33. Rh2 Kg7 34. Rhh1
Re7 35. Rh3 Ree8 36. Ke3 b6 37. Kd3 Rh8 38. Rh2 Rhe8 39. Rhh1 1/2-1/2

[Event "44th Rilton Cup 2014-15"]
[Site "Stockholm SWE"]
[Date "2014.12.29"]
[Round "3.40"]
[White "Evertsson, Lennart"]
[Black "Szente Varga, Fruzsina"]
[Result "0-1"]
[WhiteElo "2130"]
[BlackElo "2202"]
[WhiteFideId "1705156"]
[BlackFideId "712264"]
[EventDate "2014.12.27"]

1. Nf3 Nf6 2. c4 c6 3. b3 g6 4. Bb2 Bg7 5. e3 d5 6. Be2 O-O 7. O-O Bg4 8. h3
Bxf3 9. Bxf3 Na6 10. d4 Nc7 11. Nc3 e6 12. Qe2 Nfe8 13. cxd5 exd5 14. Rac1 f5
15. Na4 Qh4 16. Nc5 Nd6 17. Nxb7 Nxb7 18. Rxc6 Qd8 19. Rfc1 Rf7 20. Ba3 Bf8 21.
Bxf8 Kxf8 22. Qd2 Kg7 23. Qb4 Rb8 24. h4 Ne8 25. Qa3 a5 26. h5 Nf6 27. hxg6 hxg6
28. g3 Ne4 29. Kg2 Ng5 30. Be2 Ne4 31. Qb2 Nbd6 32. Qc2 Rbb7 33. Qd3 Qg5 34. Bf3
Nxf2 35. Kxf2 Ne4+ 36. Ke2 Qxg3 37. Rf1 Qh2+ 38. Ke1 Qh4+ 39. Ke2 Ng3+ 40. Kd1
Nxf1 41. Qxf1 Rbc7 42. Bxd5 Rxc6 43. Bxc6 Re7 44. Kd2 Qh2+ 45. Bg2 Qd6 46. Qd3
Rc7 47. Bf1 Qa3 48. Qb1 Qb4+ 49. Ke2 Rc3 50. Qd1 f4 51. Kf3 Qe7 0-1

[Event "44th Rilton Cup 2014-15"]
[Site "Stockholm SWE"]
[Date "2014.12.29"]
[Round "3.41"]
[White "Lindbergh, Theodor"]
[Black "Orndahl, Markus"]
[Result "1-0"]
[WhiteElo "2128"]
[BlackElo "2188"]
[WhiteFideId "1716956"]
[BlackFideId "1709135"]
[EventDate "2014.12.27"]

1. d4 d5 2. Bf4 Nf6 3. e3 c5 4. c3 Nc6 5. Nd2 Qb6 6. Qb3 c4 7. Qc2 Bg4 8. Be2
Bxe2 9. Nxe2 e6 10. O-O Be7 11. e4 Qa6 12. Rfe1 O-O 13. exd5 Nxd5 14. Bg3 Rfd8
15. Ne4 h6 16. Nf4 Rac8 17. Qe2 Bf8 18. Nh5 Nce7 19. Bh4 Re8 20. Bxe7 Bxe7 21.
Qg4 g6 22. Nhg3 Kh7 23. Qf3 Kg7 24. Ne2 Red8 25. Qg3 Qb6 26. Rab1 Qc7 27. Qf3
Qa5 28. a3 Qc7 29. g3 Qc6 30. Kg2 f5 31. Nd2 g5 32. Kg1 h5 33. Qg2 g4 34. b3 b5
35. a4 a6 36. axb5 axb5 37. bxc4 bxc4 38. Nf4 Nxf4 39. gxf4 Qxg2+ 40. Kxg2 Kf6
41. Rb7 Rc6 42. Re5 Ba3 43. Nf1 Kg6 44. Ne3 Rf8 45. d5 exd5 46. Nxd5 Kh6 47. Ne3
Rcf6 48. Nxc4 Bc1 49. Ne3 Kg6 50. Ree7 Rg8 51. Nd5 Rd6 52. c4 Rxd5 1-0

[Event "44th Rilton Cup 2014-15"]
[Site "Stockholm SWE"]
[Date "2014.12.29"]
[Round "3.42"]
[White "Kassani, Sam"]
[Black "Mikalsen, Erlend"]
[Result "1/2-1/2"]
[WhiteElo "2086"]
[BlackElo "2164"]
[WhiteFideId "1709089"]
[BlackFideId "1507338"]
[EventDate "2014.12.27"]

1. d4 Nf6 2. Nf3 e6 3. Bf4 d5 4. e3 Bd6 5. c3 c5 6. Bb5+ Nc6 7. O-O O-O 8. dxc5
Bxc5 9. Qe2 Qe7 10. Bg3 a6 11. Bxc6 bxc6 12. b4 Bb6 13. Nbd2 a5 14. Rfc1 Ba6 15.
Qd1 Rfc8 16. Qb3 c5 17. b5 Bb7 18. a4 Nh5 19. Bh4 f6 20. Re1 g5 21. Bg3 Nxg3 22.
hxg3 Qf7 23. Rad1 h6 24. e4 Kg7 25. Qc2 Qg6 26. Qb1 Re8 27. Nc4 Bc7 28. b6 Bd8
29. Nd6 Re7 30. exd5 Qxb1 31. Rxb1 Bxd5 32. c4 Bc6 33. Red1 Bxa4 34. b7 Rb8 35.
Rd2 Bc6 36. Rbd1 Bc7 37. Nc8 Rf7 38. Nd6 Rff8 39. Re1 e5 40. Rb1 Kg6 41. Nc8 Kf7
42. Na7 Be4 43. Rd7+ Ke6 44. Rxc7 Bxb1 45. Nd2 Bc2 46. g4 a4 47. Nb5 Rf7 48.
Rc6+ Kd7 49. Rc7+ Ke6 50. Rc6+ Kd7 1/2-1/2

[Event "44th Rilton Cup 2014-15"]
[Site "Stockholm SWE"]
[Date "2014.12.30"]
[Round "4.1"]
[White "Grandelius, Nils"]
[Black "Turov, Maxim"]
[Result "1-0"]
[WhiteTitle "GM"]
[BlackTitle "GM"]
[WhiteElo "2581"]
[BlackElo "2591"]
[WhiteFideId "1710400"]
[BlackFideId "4120086"]
[EventDate "2014.12.27"]

1. Nf3 Nf6 2. c4 e6 3. g3 a6 4. b3 c5 5. Bg2 b5 6. Nc3 Qb6 7. e4 d6 8. d4 Qa5 9.
Bd2 b4 10. Na4 cxd4 11. Nxd4 Bb7 12. O-O Nbd7 13. Re1 Nc5 14. Nxc5 dxc5 15. Nxe6
fxe6 16. e5 Bxg2 17. exf6 Bb7 18. Rxe6+ Kf7 19. fxg7 Bxg7 20. Qg4 Qd8 21. Rae1
Bf8 22. Bg5 Qd4 23. Re7+ Bxe7 24. Qe6+ 1-0

[Event "44th Rilton Cup 2014-15"]
[Site "Stockholm SWE"]
[Date "2014.12.30"]
[Round "4.2"]
[White "Hammer, Jon Ludvig"]
[Black "Urkedal, Frode"]
[Result "1-0"]
[WhiteTitle "GM"]
[BlackTitle "IM"]
[WhiteElo "2640"]
[BlackElo "2517"]
[WhiteFideId "1503707"]
[BlackFideId "1506102"]
[EventDate "2014.12.27"]

1. d4 Nf6 2. c4 e6 3. Nf3 b6 4. g3 Bb7 5. Bg2 Be7 6. O-O O-O 7. Nc3 Ne4 8. Bd2
Bf6 9. Ne5 Nxc3 10. Bxc3 Bxg2 11. Kxg2 d5 12. Ng4 Be7 13. Qd3 dxc4 14. Qxc4 Qd5+
15. Qxd5 exd5 16. Ne3 Rd8 17. Rac1 c6 18. Nf5 Bf8 19. Rfd1 Re8 20. Ne3 Nd7 21.
Rc2 Re6 22. Kf1 Rae8 23. Be1 g6 24. Ng2 Bh6 25. e3 f5 26. Rdc1 Rc8 27. Bb4 Nf6
28. Ne1 a5 29. Bd2 Ne4 30. Nd3 Bf8 31. Be1 g5 32. a3 a4 33. Bb4 Bg7 34. Kg2 c5
35. dxc5 Nxc5 36. Bxc5 Rec6 37. Kf3 Kf7 38. Ke2 bxc5 39. Nb4 Rh6 40. Nxd5 Rb8
41. Rxc5 Rxb2+ 42. R1c2 Rxh2 43. Rxb2 Bxb2 44. Nb6 Kg6 45. Nc4 Bf6 46. Rc6 h5
47. Nd6 Bb2 48. Rb6 Be5 49. Ne4+ Kg7 50. Rb5 fxe4 51. Rxe5 Kf6 52. Rxe4 Rh1 53.
Rxa4 Rb1 54. Kf3 Rb2 55. Kg2 Ra2 56. Ra8 g4 57. a4 Kf5 58. Rf8+ Ke4 59. Rh8 Rxa4
60. Rxh5 Kd3 61. Rd5+ Ke4 62. Rg5 Kd3 63. Rf5 Ra7 64. Rf4 Rg7 65. Kf1 1-0

[Event "44th Rilton Cup 2014-15"]
[Site "Stockholm SWE"]
[Date "2014.12.30"]
[Round "4.3"]
[White "Krasenkow, Michal"]
[Black "Turova, Irina"]
[Result "1-0"]
[WhiteTitle "GM"]
[BlackTitle "IM"]
[WhiteElo "2614"]
[BlackElo "2421"]
[WhiteFideId "1113100"]
[BlackFideId "4120876"]
[EventDate "2014.12.27"]

1. d4 Nf6 2. c4 e6 3. Nf3 Bb4+ 4. Nbd2 d6 5. Qc2 O-O 6. a3 Bxd2+ 7. Bxd2 Qe7 8.
Bc3 Nbd7 9. e3 e5 10. Be2 Re8 11. dxe5 dxe5 12. h3 b6 13. O-O Bb7 14. b4 Ne4 15.
Bb2 c5 16. Rfd1 a5 17. bxa5 bxa5 18. Qa4 Red8 19. Rab1 Nd6 20. Bc3 e4 21. Nh4
Ne5 22. Rxd6 Rxd6 23. Nf5 Nf3+ 24. Bxf3 Qg5 25. Nxd6 exf3 26. g3 Qh6 27. Qd7 1-0

[Event "44th Rilton Cup 2014-15"]
[Site "Stockholm SWE"]
[Date "2014.12.30"]
[Round "4.4"]
[White "Bellia, Fabrizio"]
[Black "Roiz, Michael"]
[Result "0-1"]
[WhiteTitle "IM"]
[BlackTitle "GM"]
[WhiteElo "2420"]
[BlackElo "2592"]
[WhiteFideId "800511"]
[BlackFideId "2804158"]
[EventDate "2014.12.27"]

1. e4 e5 2. Nf3 Nc6 3. Bb5 a6 4. Ba4 Nf6 5. O-O Be7 6. Re1 b5 7. Bb3 d6 8. c3
O-O 9. h3 Nb8 10. d4 Nbd7 11. Nbd2 Bb7 12. Bc2 Re8 13. Nf1 Bf8 14. Ng3 g6 15. a4
Bg7 16. d5 Qb8 17. b3 c6 18. c4 bxc4 19. bxc4 a5 20. Rb1 Qc7 21. Be3 Ba6 22. Bd3
Rab8 23. Qc2 Rec8 24. Rxb8 Rxb8 25. Rb1 Rb4 26. Bd2 Rxb1+ 27. Qxb1 Nc5 28. Bf1
Nfd7 29. Qc2 Qb6 30. Ne2 cxd5 31. cxd5 Bd3 32. Qd1 Nxe4 33. Be3 Qa6 34. Nc3 Nxc3
35. Bxd3 Nxd1 36. Bxa6 Nxe3 37. fxe3 Nb6 38. Bb5 Nxd5 39. e4 Nc3 40. Bc6 Bh6 41.
g4 Be3+ 42. Kf1 Kf8 43. Ke1 Ke7 44. Nd2 Bxd2+ 45. Kxd2 Na2 46. g5 Nb4 47. Bb5 d5
48. exd5 Nxd5 49. h4 e4 50. Bc6 Kd6 51. Be8 Ke6 52. Bc6 Ke5 53. Be8 f6 54. gxf6
Kxf6 55. h5 gxh5 56. Bxh5 Ke5 57. Bf7 Kd4 58. Be8 Nf4 0-1